Szczegóły MARC21

Business plans : 25 ways to get yours taken seriously /

005 -DATA I CZAS OSTATNIEJ MODYFIKACJI [,]
    • @
    • pole kontrolne
    • 20070315155141.9
020 -Międzynarod. znormalizowany nr książki - ISBN [ , ]
    • a
    • Numer ISBN
    • 0749408707 Find
040 -Instytucja sporządzająca opis [ , ]
    • a
    • Instytucja, która sporządziła opis (NP)
    • SZCZ U
    • c
    • Instytucja, która sporządziła rekord (NP)
    • SZCZ U
041 -Język dokumentu [0, ]
    • a
    • Język tekstu (P)
    • angielski
    • h
    • Język tekstu oryginalnego i/lub pośredniego (P)
    • angielski
942 -Rodzaj dokumentu [ , ]
    • c
    • Rodzaj dokumentu
    • Książka
100 -Hasło główne - nazwa osobowa [ , ]
    • a
    • Nazwa osobowa (NP)
    • FINCH, BRIAN
245 -Strefa tytułu i oznaczenia odpowiedzialności [1, ]
    • a
    • Tytuł
    • Business plans : Find
    • b
    • Ciąg dalszy tytułu (NP)
    • 25 ways to get yours taken seriously / Find
    • c
    • Pozostałe elementy strefy tytułu i oznaczenia odpowiedzialności (NP)
    • Brian Finch.
260 -Strefa adresu wydawniczego [ , ]
    • a
    • Miejsce wydania (P)
    • London :
    • b
    • Nazwa wydawcy (P)
    • Kogan Page,
    • c
    • Data wydania (P)
    • 1992.
300 -Strefa opisu fizycznego [ , ]
    • a
    • Określenie formy książki i/lub objętość (NP)
    • 85 s. :
    • c
    • Format (NP)
    • 22 cm.
490 -Strefa serii i książki wielotomowej - forma nie do wyszukiwania [0, ]
    • a
    • Tytuł (P)
    • (Business Basics) Find
080 -Uniwersalna Klasyfikacja Dziesiętna [ , ]
    • a
    • Symbol klasyfikacji
    • 65.012.2=20
980 -Symbol UKD [ , ]
    • a
    • UKD
    • 65.012.2=20
920 -ISBN [ , ]
    • a
    • ISBN
    • 0-7494-0870-7 Find
Status udost. Numer inwentarzowy Sygnatura Data inwentaryzacji Lokalizacja
-3S.89405fundacja polsko - niemiecka2002-03-21BE